LEADER 01369nam 2200409 450 001 000005930 005 20061027010300.0 010 $a88-430-0043-8 100 $a20001116d1993----km-y0itay0103----ba 101 0 $aita 102 $aIT 200 1 $a<> pietre ornamentali in architettura$fGiorgio Bianco 205 $a1. ed. 210 $c<> Italia Scientifica$aRoma$d1993 215 $a163 p.$cill. (alcune color.)$d30 cm. 225 1 $aQuaderni NIS$v2 606 $aPavimenti in pietra 606 $aRivestimenti murari 676 $a690$v(20. ed.)$9Edifici 676 $a721$v(20. ed.)$9Struttura architettonica 700 1$aBianco,$bGiorgio$0439664 801 0$aIT$bUniversità della Basilicata - B.I.A.$gRICA$2unimarc 912 $a000005930 996 $aPietre ornamentali in architettura$974053 997 $aUNIBAS BAS $aMONING BAS $aMONOGR BAS $aINGEGNERIA CAT $aPETRIZZO$b01$c20001116$lBAS01$h1153 CAT $c20050601$lBAS01$h1753 CAT $abatch$b01$c20050718$lBAS01$h1049 CAT $c20050718$lBAS01$h1108 CAT $c20050718$lBAS01$h1138 CAT $c20050718$lBAS01$h1152 CAT $aATR$b40$c20061027$lBAS01$h0103 FMT Z30 -1$lBAS01$LBAS01$mBOOK$1BASA2$APolo Tecnico-Scientifico$2DID$BDidattica$3PTS.s1.p46.18$682728$5I82728$820001116$f04$FPrestabile Didattica LEADER 01080cam0 22002773 450 001 SOB006613 005 20230622082235.0 010 $a8813231059 100 $a20040211d2001 |||||ita|0103 ba 101 $aita 102 $aIT 200 1 $aCommentario alla Convenzione europea per la tutale dei diritti dell'uomo e delle libertà fondamentali$fSergio Bartole, Benedetto Conforti, Guido Raimondi 210 $aPadova$cCedam$d2001 215 $aXXXVI, 1011 p.$d24 cm 700 1$aBartole$b, Sergio$3AF00006751$4070$0130569 701 1$aConforti, Benedetto$3AF00004508$4070$0132949 701 1$aRaimondi, Guido$3AF00017951$4070$0147555 801 0$aIT$bUNISOB$c20230622$gRICA 850 $aUNISOB 852 $aUNISOB$j340$m107134 912 $aSOB006613 940 $aM 102 Monografia moderna SBN 941 $aM 957 $a340$b003281$gSI$d107134$rACQUISTO$1carrano$2UNISOB$3UNISOB$420130228124915.0$520130228124950.0$6carrano 996 $aCommentario alla Convenzione europea per la tutale dei diritti dell'uomo e delle libertà fondamentali$93383505 997 $aUNISOB